Cities of light: placemaking in the 24-hour city (Record no. 74203)

MARC details
000 -LEADER
fixed length control field 00919cab a2200205 4500
001 - CONTROL NUMBER
control field ABS67543
008 - FIXED-LENGTH DATA ELEMENTS--GENERAL INFORMATION
fixed length control field 040301n2004 000 0 eng u
035 ## - SYSTEM CONTROL NUMBER
System control number (Sirsi) u125281
100 ## - MAIN ENTRY--PERSONAL NAME
Personal name Cochrane, A.
245 ## - TITLE STATEMENT
Title Cities of light: placemaking in the 24-hour city
260 ## - PUBLICATION, DISTRIBUTION, ETC.
Date of publication, distribution, etc. 2004
490 ## - SERIES STATEMENT
Series statement Urban Design Quarterly
Volume/sequential designation (89) Winter 2004, 12-14(3)
520 ## - SUMMARY, ETC.
Summary, etc. Considers advances toward a more contextual and structured approach to urban lighting. Discusses the use of light to create spaces and character at night as part of the 24 hour city as well as to create safer streets. Also considers the impact of temporal events on the image of the city as well as perpetual lighting as part of a strategic lighting plan.
590 ## - LOCAL NOTE (RLIN)
Local note ABS
650 ## - SUBJECT ADDED ENTRY--TOPICAL TERM
Topical term or geographic name entry element URBAN SPACES
650 ## - SUBJECT ADDED ENTRY--TOPICAL TERM
Topical term or geographic name entry element STREET LIGHTING
650 ## - SUBJECT ADDED ENTRY--TOPICAL TERM
Topical term or geographic name entry element 24-HOUR CITY
690 ## - LOCAL SUBJECT ADDED ENTRY--TOPICAL TERM (OCLC, RLIN)
Topical term or geographic name as entry element ENVIRONMENTAL AND LAND CONSULTANCY-PLANNING AND DEVELOPMENT
942 ## - ADDED ENTRY ELEMENTS (KOHA)
Suppress in OPAC 0
Holdings
Withdrawn status Lost status Source of classification or shelving scheme Damaged status Not for loan Home library Current library Shelving location Date acquired Total Checkouts Full call number Barcode Date last seen Copy number Price effective from Koha item type
    Dewey Decimal Classification     London London Journal article 01/03/2004   ABS67543 125281-1001 06/08/2019 1 06/08/2019 Journal article